000 00762nam a2200241 i 4500
001 C2-0334200
003 PPAK
005 20180728134052.0
008 151019s2015 my a|||| ||||| | may d
020 _a9789675391415
040 _aPPAK
_beng
_cPPAK
_erda
082 0 4 _a297.648
_223
090 0 0 _a297.648
_bRAF
_dG
100 0 _aRaffar Mat,
_eauthor
245 1 0 _aKerajaan khalifah Islam :
_bkhulafa Ar-Rasyidin (kekuatan Abu Bakar dan Umar) Kerajaan Umaiyah
264 1 _aPetaling Jaya, Selangor :
_bHijjaz Records Publishing ,
_c2015
300 _axxi, 343 pages :
_bcolour photographs ;
_c21 cm
336 _2rdacontent
_atext
337 _2rdamedia
_aunmediated
338 _2rdacarrier
_avolume
650 1 0 _aCaliphate. ; Caliphs.
942 _ddc
_cB
999 _c132696
_d132696